000 00407nam a2200169Ia 4500
001 6104
008 140320s9999 xx 000 0 und d
020 _a0-7522-2470-0
040 _cPK-LaUMT
082 _a 658.409
_bADA-D
100 _aAdams, Scott
245 4 _aThe dilbert principle
_cAdams, Scott
260 _aNew York,USA:
_bHarper Business,
_c1997.
300 _a336 p.
546 _aEN
942 _cBK
999 _c7721
_d7721